000 00364nam a2200145Ia 4500
008 230917s9999||||xx |||||||||||||| ||und||
040 _e36753
_aMAIN
041 _aEnglish
082 _a658.15 K952E
100 _aKuchhal, S C
245 0 _aCorporation finance: principles & problems
260 _aAllahabad
_bChaitanya
_c1976
300 _a518 p.
942 _cBK
999 _c172981
_d172981